[Event "DEM U12 2016"]
[Site "Willingen GER"]
[Date "2016.05.15"]
[Round "2"]
[White "Hoffmann, Simon"]
[Black "Jakob, Georg"]
[Result "1-0"]
[Termination "normal"]
[Board "21"]
[WhiteElo "1710"]
[BlackElo "1533"]
[PlyCount "73"]
[WhiteFideId "12979686"]
[BlackFideId "16224221"]
[EventCountry "GER"]
[EventRounds "11"]
[EventType "swiss"]
[EventDate "2016.05.14"]

1. e4 c5 2. Nc3 Nc6 3. g3 g6 4. Bg2 Bg7 5. d3 d6 6. Be3 Rb8 7. Qd2 b5 8. Nge2
b4 9. Nd1 e6 10. O-O Nd4 11. c3 Nxe2+ 12. Qxe2 bxc3 13. bxc3 Ba6 14. Qd2 Qb6
15. Re1 Qa5 16. d4 cxd4 17. Bxd4 e5 18. Bxa7 Rd8 19. Rb1 Qa4 20. Bb6 Bh6 21.
Ne3 Rd7 22. Bh3 Qxe4 23. Bxd7+ Kxd7 24. Red1 Bf8 25. Qd5 Qxd5 26. Nxd5 f5 27.
Ba5 e4 28. c4 Bg7 29. c5 Bd3 30. Rb7+ Kc6 31. Rxg7 Kxd5 32. cxd6 Kxd6 33. Bc3
Nh6 34. Rxg6+ hxg6 35. Bxh8 Kc5 36. Bg7 Ng4 37. h3 1-0

[Event "DEM U12 2016"]
[Site "Willingen GER"]
[Date "2016.05.15"]
[Round "2"]
[White "Maas, Kolja"]
[Black "Popist, Florian"]
[Result "1-0"]
[Termination "normal"]
[Board "22"]
[WhiteElo "1432"]
[BlackElo "1689"]
[PlyCount "103"]
[WhiteFideId "16220420"]
[BlackFideId "16203518"]
[EventCountry "GER"]
[EventRounds "11"]
[EventType "swiss"]
[EventDate "2016.05.14"]

1. e4 c5 2. Nf3 e6 3. d4 cxd4 4. Nxd4 a6 5. Nc3 Qc7 6. Bd3 Bc5 7. Nb3 Be7 8.
O-O Nf6 9. Be3 b5 10. f4 Bb7 11. e5 Nd5 12. Nxd5 Bxd5 13. Nd2 h6 14. Be4 Bxe4
15. Nxe4 Nc6 16. Nd6+ Bxd6 17. exd6 Qd8 18. f5 e5 19. f6 g6 20. c3 Kf8 21. Qd2
h5 22. Rf3 Qe8 23. Rh3 Qe6 24. Qf2 Kg8 25. Bc5 Rb8 26. b4 Qc4 27. a3 Qe6 28.
Rg3 Kh7 29. Rf3 Qc4 30. Qe1 Rhe8 31. Qd1 Re6 32. Rf5 Kg8 33. Rf1 Rbe8 34. Qd2
Kh7 35. h3 Qb3 36. Kh2 Qc4 37. Qg5 Rh8 38. Qe3 Rhe8 39. Qg5 Kg8 40. Qh6 Rxf6
41. Rxf6 Qxc3 42. Raf1 Rf8 43. Rxf7 Rxf7 44. Qxg6+ Rg7 45. Qe8+ Kh7 46. Qxh5+
Kg8 47. Rf3 Qd2 48. Rf2 Qd3 49. Rf3 Qd2 50. Bf2 Qxd6 51. Bc5 Qd2 52. Rf8# 1-0

[Event "DEM U12 2016"]
[Site "Willingen GER"]
[Date "2016.05.15"]
[Round "2"]
[White "Lommel, Hagen"]
[Black "Yüksel, Baran"]
[Result "1-0"]
[Termination "normal"]
[Board "23"]
[WhiteElo "1619"]
[BlackElo "1351"]
[PlyCount "69"]
[WhiteFideId "12972380"]
[BlackFideId "12998710"]
[EventCountry "GER"]
[EventRounds "11"]
[EventType "swiss"]
[EventDate "2016.05.14"]

1. e4 d6 2. d4 Nf6 3. Nc3 g6 4. f4 Bg7 5. Nf3 O-O 6. Bd3 Nbd7 7. O-O e5 8. dxe5
dxe5 9. Bc4 Nc5 10. Qxd8 Rxd8 11. Nxe5 Be6 12. Bxe6 Nxe6 13. Be3 b6 14. Rad1
Ne8 15. Nc6 Rxd1 16. Rxd1 Nd6 17. Nd4 Nc5 18. e5 Nc4 19. Bc1 f6 20. exf6 Bxf6
21. b3 Nd6 22. Nd5 Bxd4+ 23. Rxd4 Nf5 24. Rd1 c6 25. Nf6+ Kg7 26. Bb2 Kf7 27.
Nxh7 Ne3 28. Ng5+ Kg8 29. Rd6 Kf8 30. Rxg6 Rd8 31. Ne6+ Nxe6 32. Rxe6 Ng4 33.
Re1 Rd2 34. h3 Rxc2 35. Ba3+ 1-0

[Event "DEM U12 2016"]
[Site "Willingen GER"]
[Date "2016.05.15"]
[Round "2"]
[White "Kanzow, Alexander"]
[Black "Tham, Minh"]
[Result "1-0"]
[Termination "normal"]
[Board "24"]
[WhiteElo "1421"]
[BlackElo "1737"]
[PlyCount "65"]
[WhiteFideId "16225414"]
[BlackFideId "12997323"]
[EventCountry "GER"]
[EventRounds "11"]
[EventType "swiss"]
[EventDate "2016.05.14"]

1. e4 e5 2. Nf3 Nc6 3. Bc4 Bc5 4. O-O d6 5. c3 Nf6 6. d3 O-O 7. h3 a6 8. a4 Ne7
9. Be3 Ba7 10. Nbd2 Ng6 11. Qe2 c6 12. d4 h6 13. Rfe1 Re8 14. Bd3 Qc7 15. Rad1
Bd7 16. b3 d5 17. dxe5 Nxe5 18. Bf4 Nxf3+ 19. Qxf3 Qd8 20. e5 Nh7 21. Qh5 Nf8
22. Nf3 Ne6 23. Bxh6 gxh6 24. Qxh6 Nf8 25. Ng5 Qe7 26. Bh7+ Kh8 27. Bg6+ Kg8
28. Bxf7+ Qxf7 29. Nxf7 Kxf7 30. Qf6+ Kg8 31. Rd3 Ne6 32. Rg3+ Kh7 33. Qh4# 1-0

[Event "DEM U12 2016"]
[Site "Willingen GER"]
[Date "2016.05.15"]
[Round "2"]
[White "Riemann, Jonas"]
[Black "Schille, Hannes"]
[Result "1-0"]
[Termination "normal"]
[Board "25"]
[WhiteElo "1408"]
[BlackElo "1629"]
[PlyCount "63"]
[WhiteFideId "12977462"]
[BlackFideId "16206053"]
[EventCountry "GER"]
[EventRounds "11"]
[EventType "swiss"]
[EventDate "2016.05.14"]

1. e4 c5 2. Nf3 d5 3. exd5 Nf6 4. Nc3 a6 5. Be2 Nxd5 6. O-O e6 7. Nxd5 exd5 8.
d4 Bd6 9. Re1 O-O 10. dxc5 Bxc5 11. c3 b5 12. Bg5 Qb6 13. Bh4 Bb7 14. Ne5 d4
15. cxd4 Bxd4 16. Nd3 Re8 17. Qb3 Nd7 18. Bh5 Rxe1+ 19. Rxe1 g6 20. Re7 Rf8 21.
Rxd7 gxh5 22. Nf4 Bg7 23. Qg3 Qc6 24. Rd1 Qc2 25. Re1 Qf5 26. h3 Kh8 27. Re7
Bd5 28. Qe3 Bxa2 29. Re8 Rg8 30. Rxg8+ Kxg8 31. Qe8+ Bf8 32. Be7 1-0

[Event "DEM U12 2016"]
[Site "Willingen GER"]
[Date "2016.05.15"]
[Round "2"]
[White "Parshykov, Edgar"]
[Black "Ewerhardy, Moritz"]
[Result "1-0"]
[Termination "normal"]
[Board "26"]
[WhiteElo "1599"]
[BlackElo "1382"]
[PlyCount "59"]
[WhiteFideId "16222458"]
[BlackFideId "36052086"]
[EventCountry "GER"]
[EventRounds "11"]
[EventType "swiss"]
[EventDate "2016.05.14"]

1. e4 c5 2. Nf3 d6 3. d4 cxd4 4. Nxd4 Nf6 5. Nc3 g6 6. f3 Bg7 7. Be3 O-O 8. g4
Nc6 9. Qd2 Bd7 10. O-O-O Rc8 11. Kb1 Ne5 12. h4 Qa5 13. h5 Nxf3 14. Nxf3 Bxg4
15. Qg2 Bxh5 16. Bd4 a6 17. Be2 Rc6 18. Ng1 Rfc8 19. Bxf6 Bxe2 20. Rd5 Bb5 21.
Bxg7 Kxg7 22. Nf3 Qb6 23. Ng5 h6 24. Rxh6 Rxc3 25. Ne6+ Kf6 26. Qg5+ Kxe6 27.
Qg4+ Kf6 28. Rf5+ Kg7 29. Rxf7+ Kxf7 30. Qxg6+ 1-0

[Event "DEM U12 2016"]
[Site "Willingen GER"]
[Date "2016.05.15"]
[Round "2"]
[White "Stahnecker, Hagen"]
[Black "Wensing, Jonathan"]
[Result "0-1"]
[Termination "normal"]
[Board "27"]
[WhiteElo "1316"]
[BlackElo "1578"]
[PlyCount "56"]
[WhiteFideId "16225422"]
[BlackFideId "16222482"]
[EventCountry "GER"]
[EventRounds "11"]
[EventType "swiss"]
[EventDate "2016.05.14"]

1. e4 c5 2. Nc3 d6 3. g3 Nf6 4. Bg2 Nc6 5. d3 g6 6. f4 Bg7 7. Nf3 Bg4 8. O-O a6
9. Ne2 b5 10. Be3 Nd7 11. c3 O-O 12. Qd2 Rb8 13. h3 Bxf3 14. Rxf3 b4 15. f5
Nde5 16. Rff1 c4 17. d4 Nd3 18. Nf4 bxc3 19. bxc3 Rb2 20. Qd1 Nxf4 21. Bxf4 Qa5
22. Qc1 Rfb8 23. fxg6 hxg6 24. e5 dxe5 25. Bxc6 exf4 26. Qxf4 Bf6 27. Rfc1 Bg5
28. Qxg5 Qxg5 0-1

[Event "DEM U12 2016"]
[Site "Willingen GER"]
[Date "2016.05.15"]
[Round "2"]
[White "Hetzner, Hannes"]
[Black "Zwecker, Hagen"]
[Result "1-0"]
[Termination "normal"]
[Board "28"]
[WhiteElo "1319"]
[BlackElo "1325"]
[PlyCount "45"]
[WhiteFideId "16211936"]
[BlackFideId "12991007"]
[EventCountry "GER"]
[EventRounds "11"]
[EventType "swiss"]
[EventDate "2016.05.14"]

1. e4 e5 2. Nf3 Nc6 3. Bb5 Bc5 4. O-O d6 5. c3 Bg4 6. d4 exd4 7. cxd4 Bxf3 8.
gxf3 a6 9. Bxc6+ bxc6 10. dxc5 d5 11. Nc3 Nf6 12. exd5 cxd5 13. Re1+ Kf8 14.
Bg5 c6 15. Qd4 h6 16. Bxf6 gxf6 17. Ne2 h5 18. Ng3 h4 19. Nf5 Qc8 20. Qxf6 Rh7
21. Re7 Qd8 22. Rxf7+ Rxf7 23. Qh8# 1-0

[Event "DEM U12 2016"]
[Site "Willingen GER"]
[Date "2016.05.15"]
[Round "2"]
[White "Jeschke, Jan"]
[Black "Kirchner, Markus"]
[Result "0-1"]
[Termination "normal"]
[Board "29"]
[WhiteElo "1167"]
[BlackElo "1642"]
[PlyCount "94"]
[WhiteFideId "16225430"]
[BlackFideId "12979163"]
[EventCountry "GER"]
[EventRounds "11"]
[EventType "swiss"]
[EventDate "2016.05.14"]

1. e4 e6 2. d4 d5 3. exd5 exd5 4. Nf3 Nf6 5. Bf4 c5 6. Bd3 Nc6 7. dxc5 Bxc5 8.
Nc3 O-O 9. Qd2 Re8+ 10. Ne2 Qb6 11. O-O-O Bxf2 12. Kb1 Bc5 13. c3 Ne4 14. Bxe4
dxe4 15. Nfd4 Nxd4 16. Nxd4 Bxd4 17. Qxd4 Qxd4 18. Rxd4 Bf5 19. Re1 f6 20. Rd5
Be6 21. Rd4 Kf7 22. Kc1 f5 23. b3 Rac8 24. Kd2 Red8 25. Be3 a6 26. Rf1 Rxd4+
27. Bxd4 g6 28. Ke3 g5 29. g3 Kg6 30. h3 Re8 31. c4 a5 32. Bc3 a4 33. Rd1 axb3
34. axb3 Kf7 35. c5 Bxb3 36. Rb1 Bd5 37. Rd1 Bc6 38. Rd6 Re6 39. Rd8 Be8 40.
Rb8 Re7 41. Bb4 Rd7 42. Ra8 Rd3+ 43. Kf2 Rf3+ 44. Kg2 Bc6 45. Ra2 Rb3 46. Be1
e3+ 47. Kf1 f4 0-1

[Event "DEM U12 2016"]
[Site "Willingen GER"]
[Date "2016.05.15"]
[Round "2"]
[White "Gallasch, Jonas"]
[Black "Karl, Simon"]
[Result "1-0"]
[Termination "normal"]
[Board "30"]
[WhiteElo "1564"]
[BlackElo "1451"]
[PlyCount "65"]
[WhiteFideId "16222474"]
[BlackFideId "16217985"]
[EventCountry "GER"]
[EventRounds "11"]
[EventType "swiss"]
[EventDate "2016.05.14"]

1. Nf3 Nf6 2. c4 g6 3. d4 Bg7 4. g3 d6 5. Bg2 Nbd7 6. Qc2 O-O 7. O-O e5 8. e4
Re8 9. Rd1 Qe7 10. Nc3 Nb6 11. Bg5 Bg4 12. h3 Bxf3 13. Bxf3 Qe6 14. c5 exd4 15.
Nb5 Qd7 16. c6 bxc6 17. Bxf6 cxb5 18. Bg4 Re6 19. Bxg7 Kxg7 20. Rxd4 c5 21. Rd3
Rae8 22. Bxe6 Qxe6 23. Re1 d5 24. Qxc5 dxe4 25. Qd4+ Kg8 26. Rde3 f5 27. f3 Nc4
28. R3e2 e3 29. b3 f4 30. bxc4 Qxh3 31. Qxf4 h5 32. Rxe3 Rf8 33. Qh4 1-0

[Event "DEM U12 2016"]
[Site "Willingen GER"]
[Date "2016.05.16"]
[Round "3"]
[White "Musiolik, David"]
[Black "Trifan, Andrei Ioan"]
[Result "0-1"]
[Termination "normal"]
[Board "1"]
[WhiteElo "1643"]
[BlackElo "2099"]
[WhiteClock "00:11:30"]
[BlackClock "00:09:54"]
[PlyCount "104"]
[WhiteFideId "12972355"]
[BlackFideId "12967068"]
[EventCountry "GER"]
[EventRounds "11"]
[EventType "swiss"]
[EventDate "2016.05.14"]

1. e4 e5 2. Nf3 Nc6 3. Nc3 Nf6 4. d4 exd4 5. Nxd4 Bb4 6. Nxc6 bxc6 7. Bd3 d5 8.
exd5 cxd5 9. O-O O-O 10. h3 h6 11. Qf3 Rb8 12. Bf4 Re8 13. Rad1 Bb7 14. Nb5 Ba5
15. Nd4 Ne4 16. Bb5 Rf8 17. Nc6 Qe8 18. Rxd5 Bxc6 19. Bxc6 Qxc6 20. Rxa5 a6 21.
Re5 f5 22. g4 Qxc2 23. gxf5 Nd6 24. Rc1 Qxb2 25. Qd5+ Kh8 26. Rxc7 Nxf5 27. Bc1
Qb1 28. Qg2 Rbc8 29. Rxf5 Qxc1+ 30. Rxc1 Rxc1+ 31. Kh2 Rxf5 32. Qa8+ Kh7 33.
Qe4 Rcc5 34. Qd3 a5 35. Kg3 Rcd5 36. Qe4 Rde5 37. Qb1 Kg8 38. Qb8+ Kh7 39. Qb1
Rb5 40. Qe4 h5 41. Qc2 Rbc5 42. Qd3 Kg8 43. Qd4 Rc8 44. h4 Rcf8 45. Qc4+ Kh7
46. Qe2 g6 47. f4 Rxf4 48. Qe7+ R8f7 49. Qc5 Rf2 50. Qxf2 Rxf2 51. Kxf2 a4 52.
a3 g5 0-1

[Event "DEM U12 2016"]
[Site "Willingen GER"]
[Date "2016.05.16"]
[Round "3"]
[White "Köllner, Ruben Gideon"]
[Black "Englert, Jon"]
[Result "1-0"]
[Termination "normal"]
[Board "2"]
[WhiteElo "2087"]
[BlackElo "1663"]
[WhiteClock "00:11:29"]
[BlackClock "00:06:49"]
[PlyCount "139"]
[WhiteFideId "12993093"]
[BlackFideId "12992275"]
[EventCountry "GER"]
[EventRounds "11"]
[EventType "swiss"]
[EventDate "2016.05.14"]

1. d4 Nf6 2. Nf3 g6 3. Nbd2 Bg7 4. e4 d6 5. Bd3 O-O 6. O-O Nbd7 7. e5 Nd5 8. e6
fxe6 9. Ng5 N7f6 10. Re1 h6 11. Nxe6 Bxe6 12. Rxe6 Nf4 13. Re1 Nxd3 14. cxd3
Kh7 15. Qb3 Rb8 16. Qe6 Ng8 17. Nf3 Rf6 18. Qh3 Qf8 19. Bd2 Rf5 20. Ng5+ Kh8
21. Ne6 Qf6 22. Bc3 Qf7 23. Re2 c6 24. Nxg7 Kxg7 25. Rae1 Rf8 26. Qe3 Kh7 27.
a3 a6 28. h3 Qd5 29. Qe4 Qf7 30. f3 Rf4 31. Qe6 Qxe6 32. Rxe6 R4f6 33. Rxf6
Rxf6 34. d5 Rf5 35. dxc6 bxc6 36. Kf2 Rd5 37. Re3 g5 38. Ke2 Kg6 39. Re4 Rb5
40. b4 Rb7 41. Rc4 Rc7 42. a4 Nf6 43. Bxf6 Kxf6 44. Ke3 d5 45. Rc5 Ke5 46. Ra5
Rb7 47. Rxa6 Rxb4 48. Rxc6 e6 49. d4+ Kf6 50. a5 Rb3+ 51. Kd2 Ra3 52. a6 Ra2+
53. Kd3 Rxg2 54. Rc2 Rg3 55. Ke3 Rxh3 56. a7 g4 57. a8=Q Rxf3+ 58. Ke2 Rf4 59.
Qf8+ Kg5 60. Qe7+ Rf6 61. Ke3 Kg6 62. Qxf6+ Kxf6 63. Kf4 h5 64. Re2 Ke7 65. Re5
Kd6 66. Rxh5 Kc6 67. Ke5 Kb5 68. Rg5 g3 69. Rxg3 Kc4 70. Rg6 1-0

[Event "DEM U12 2016"]
[Site "Willingen GER"]
[Date "2016.05.16"]
[Round "3"]
[White "Sulayev, Daniel"]
[Black "Nguyen, Alex Dac-Vuong"]
[Result "0-1"]
[Termination "normal"]
[Board "3"]
[WhiteElo "1791"]
[BlackElo "1899"]
[WhiteClock "00:30:32"]
[BlackClock "00:28:52"]
[PlyCount "92"]
[WhiteFideId "12977675"]
[BlackFideId "12984388"]
[EventCountry "GER"]
[EventRounds "11"]
[EventType "swiss"]
[EventDate "2016.05.14"]

1. Nf3 Nf6 2. g3 g6 3. Bg2 Bg7 4. d3 c5 5. O-O O-O 6. e4 d6 7. Nc3 Nc6 8. Ne1
Nd4 9. f4 Rb8 10. Nf3 Nxf3+ 11. Qxf3 Bg4 12. Qf2 b5 13. h3 b4 14. Ne2 Bd7 15.
g4 Bb5 16. g5 Nd7 17. h4 Ba4 18. Ng3 Bd4 19. Be3 Bxb2 20. Rab1 Bg7 21. h5 f6
22. hxg6 hxg6 23. Bh3 Kf7 24. f5 Ne5 25. fxg6+ Nxg6 26. Qf5 Rh8 27. Qe6+ Kf8
28. Bf5 Ne5 29. Rf2 Bd7 30. Qd5 Bxf5 31. Nxf5 Qe8 32. Nxg7 Kxg7 33. gxf6+ Kf8
34. fxe7+ Kxe7 35. Bxc5 Qg8+ 36. Rg2 Qxd5 37. exd5 dxc5 38. Re1 Kd6 39. Rg3
Rhg8 40. Ree3 Kxd5 41. Kf1 Rxg3 42. Rxg3 Kd4 43. Rg7 Rf8+ 44. Ke2 Rf7 45. Rg5
Re7 46. Kd1 Nf3 0-1

[Event "DEM U12 2016"]
[Site "Willingen GER"]
[Date "2016.05.16"]
[Round "3"]
[White "Kölle, Tobias"]
[Black "Li, Simon"]
[Result "1-0"]
[Termination "normal"]
[Board "4"]
[WhiteElo "1714"]
[BlackElo "1960"]
[WhiteClock "00:53:28"]
[BlackClock "00:23:29"]
[PlyCount "43"]
[WhiteFideId "16207378"]
[BlackFideId "12972134"]
[EventCountry "GER"]
[EventRounds "11"]
[EventType "swiss"]
[EventDate "2016.05.14"]

1. d4 Nf6 2. Nf3 c5 3. d5 b5 4. Bg5 d6 5. Bxf6 gxf6 6. e4 Qb6 7. Nbd2 Bg7 8. a4
b4 9. Nc4 Qc7 10. Bd3 Nd7 11. O-O Ne5 12. Nfxe5 fxe5 13. Qh5 Bd7 14. f4 exf4
15. Rxf4 Bf6 16. e5 dxe5 17. d6 Qd8 18. Nxe5 Rf8 19. Nxd7 Kxd7 20. Bb5+ Kc8 21.
Qxc5+ Kb8 22. Rxb4 1-0

[Event "DEM U12 2016"]
[Site "Willingen GER"]
[Date "2016.05.16"]
[Round "3"]
[White "Colbow, Collin"]
[Black "Yi, Danny"]
[Result "1/2-1/2"]
[Termination "normal"]
[Board "5"]
[WhiteElo "1632"]
[BlackElo "1863"]
[WhiteClock "00:07:01"]
[BlackClock "00:03:29"]
[PlyCount "108"]
[WhiteFideId "16201132"]
[BlackFideId "12988588"]
[EventCountry "GER"]
[EventRounds "11"]
[EventType "swiss"]
[EventDate "2016.05.14"]

1. e4 e5 2. Nf3 Nc6 3. Bc4 Bc5 4. c3 Nf6 5. d3 d6 6. Bb3 h6 7. O-O O-O 8. Re1
Re8 9. Nbd2 a5 10. a4 Be6 11. Bc2 Ng4 12. Re2 Bxf2+ 13. Kh1 Ne3 14. Rxe3 Bxe3
15. Qe2 Bxd2 16. Bxd2 d5 17. exd5 Bxd5 18. Rf1 Qe7 19. Qf2 Rad8 20. Qg3 Qd6 21.
Nh4 Ne7 22. c4 Bc6 23. Bxa5 b6 24. Bc3 Ng6 25. Nf5 Qe6 26. h4 h5 27. Bd1 Kh8
28. Bxh5 Rg8 29. Bg4 Qf6 30. Bd2 Nf4 31. Bxf4 exf4 32. Rxf4 Qxb2 33. Bh5 Rxd3
34. Qg4 Rd2 35. Ne3 Re8 36. Rxf7 Qc1+ 37. Kh2 Qc3 38. Qg6 Qe5+ 39. Kh1 Qc3 40.
Kh2 Qd4 41. Bg4 Qe5+ 42. Kh1 Rd6 43. Qf5 Qxf5 44. Nxf5 Rg6 45. Bh3 Re2 46. Rxc7
Bxg2+ 47. Bxg2 Rgxg2 48. Nd6 Rgf2 49. Kg1 Rb2 50. Nf7+ Kg8 51. Ng5 g6 52. Rc6
Rg2+ 53. Kf1 Rgf2+ 54. Kg1 Rg2+ 1/2-1/2

[Event "DEM U12 2016"]
[Site "Willingen GER"]
[Date "2016.05.16"]
[Round "3"]
[White "Grund, Sebastian"]
[Black "Wu, Leon"]
[Result "0-1"]
[Termination "normal"]
[Board "6"]
[WhiteElo "1773"]
[BlackElo "1743"]
[WhiteClock "00:12:26"]
[BlackClock "00:14:32"]
[PlyCount "94"]
[WhiteFideId "12988626"]
[BlackFideId "12977438"]
[EventCountry "GER"]
[EventRounds "11"]
[EventType "swiss"]
[EventDate "2016.05.14"]

1. d4 Nf6 2. Nf3 e6 3. c4 b6 4. g3 Bb7 5. Bg2 Be7 6. Nc3 O-O 7. O-O d5 8. Ne5
Nbd7 9. Qc2 c5 10. cxd5 exd5 11. Nxd7 Qxd7 12. dxc5 bxc5 13. Bg5 Rfd8 14. Rfd1
Qe6 15. Rac1 Rab8 16. Bf4 Rbc8 17. Qb3 Bc6 18. Na4 c4 19. Qc2 Bb4 20. a3 Ba5
21. Be3 Qe7 22. Bd4 Re8 23. e3 Ne4 24. Bxe4 Qxe4 25. Qxe4 Rxe4 26. Nc3 Re7 27.
Rb1 Rb7 28. Kf1 Bc7 29. Bc5 Rd8 30. Ke2 Bb6 31. Bd4 Kf8 32. Rd2 f6 33. Kd1 Kf7
34. Kc2 Ba5 35. Kc1 a6 36. Bc5 Ke6 37. Bd4 Rdb8 38. Kd1 Rb3 39. Rc2 Be8 40. e4
dxe4 41. Ke2 Bg6 42. Ke3 Bb6 43. Bxb6 R8xb6 44. Kd4 e3 45. Ne4 Rd3+ 46. Kc5
Bxe4 47. Rxc4 Rc6+ 0-1

[Event "DEM U12 2016"]
[Site "Willingen GER"]
[Date "2016.05.16"]
[Round "3"]
[White "Krastev, Alexander"]
[Black "Astner, Sebastian"]
[Result "1/2-1/2"]
[Termination "normal"]
[Board "7"]
[WhiteElo "1931"]
[BlackElo "1712"]
[WhiteClock "00:21:33"]
[BlackClock "00:18:28"]
[PlyCount "98"]
[WhiteFideId "12989983"]
[BlackFideId "12979422"]
[EventCountry "GER"]
[EventRounds "11"]
[EventType "swiss"]
[EventDate "2016.05.14"]

1. e4 e6 2. Nf3 Nf6 3. Nc3 Bb4 4. e5 Bxc3 5. dxc3 Nd5 6. Bc4 Ne7 7. O-O Nbc6 8.
Re1 b6 9. Bf4 Bb7 10. Qd2 h6 11. Rad1 g5 12. Bg3 Ng6 13. Bd3 Qe7 14. b4 O-O 15.
Bxg6 fxg6 16. Qxd7 Rad8 17. Qxe7 Nxe7 18. Nd4 Kf7 19. c4 c6 20. f4 Nf5 21. Nxf5
gxf5 22. c5 bxc5 23. bxc5 Rd5 24. c4 Rxd1 25. Rxd1 Ke7 26. h4 Rd8 27. Rd6 Rxd6
28. exd6+ Kf7 29. fxg5 hxg5 30. hxg5 Bc8 31. Kf2 Kg6 32. Ke3 Bd7 33. Kf4 Bc8
34. Be1 e5+ 35. Kxe5 Kxg5 36. d7 Bxd7 37. Kd6 Be8 38. Kc7 Kf4 39. Kb7 Ke4 40.
Kxa7 Kd4 41. Kb6 Bf7 42. Kxc6 Kxc4 43. a4 Be8+ 44. Kb6 Bxa4 45. c6 Kd3 46. c7
Bd7 47. Kc5 Ke2 48. Kd6 Bc8 49. Bh4 f4 1/2-1/2

[Event "DEM U12 2016"]
[Site "Willingen GER"]
[Date "2016.05.16"]
[Round "3"]
[White "Breß, Aaron"]
[Black "Hundrieser, Malte"]
[Result "1/2-1/2"]
[Termination "normal"]
[Board "8"]
[WhiteElo "1650"]
[BlackElo "1845"]
[WhiteClock "00:21:08"]
[BlackClock "00:11:20"]
[PlyCount "78"]
[WhiteFideId "12996432"]
[BlackFideId "12997153"]
[EventCountry "GER"]
[EventRounds "11"]
[EventType "swiss"]
[EventDate "2016.05.14"]

1. e4 c5 2. Nf3 Nc6 3. d4 cxd4 4. Nxd4 g6 5. Nc3 Bg7 6. Be3 Nf6 7. Bc4 O-O 8.
Bb3 Re8 9. f3 e6 10. Qd2 d5 11. exd5 Nxd5 12. Nxd5 Nxd4 13. Nc3 Nxb3 14. axb3
Qxd2+ 15. Bxd2 Bd7 16. O-O-O a6 17. Ne4 Bc6 18. Rhe1 Bxe4 19. Rxe4 Rac8 20. Be3
Rc7 21. Bd4 Rec8 22. c3 Bxd4 23. Rexd4 Kf8 24. Kc2 Ke7 25. Rd6 Kf6 26. Rb6 h5
27. Rd4 Re7 28. Rbd6 Rec7 29. Kd3 Rc6 30. Rxc6 Rxc6 31. Rd7 b6 32. b4 e5 33. b3
Ke6 34. Ra7 b5 35. c4 Rd6+ 36. Kc2 Rc6 37. c5 f5 38. Kd3 Kd5 39. Ke3 Re6
1/2-1/2

[Event "DEM U12 2016"]
[Site "Willingen GER"]
[Date "2016.05.16"]
[Round "3"]
[White "Dobrikov, Marco"]
[Black "Pahl, Erik"]
[Result "1-0"]
[Termination "normal"]
[Board "9"]
[WhiteElo "1943"]
[BlackElo "1631"]
[WhiteClock "00:18:07"]
[BlackClock "00:06:16"]
[PlyCount "75"]
[WhiteFideId "12950378"]
[BlackFideId "16201272"]
[EventCountry "GER"]
[EventRounds "11"]
[EventType "swiss"]
[EventDate "2016.05.14"]

1. e4 e5 2. Nf3 Nc6 3. Bb5 a6 4. Ba4 Nf6 5. d3 d6 6. c3 g6 7. O-O Bg7 8. Re1
O-O 9. Nbd2 b5 10. Bc2 Nb8 11. a4 bxa4 12. Rxa4 Nbd7 13. d4 Nb6 14. Ra1 Re8 15.
Nb3 exd4 16. cxd4 Bb7 17. d5 Nfd7 18. Na5 Qb8 19. Ra2 Ne5 20. Nxe5 Bxe5 21. Be3
Re7 22. Bd3 Bg7 23. Qb3 Re8 24. Rea1 Kf8 25. Bxb6 cxb6 26. Qxb6 Re7 27. Ra4 Qc7
28. Rb4 Qxb6 29. Rxb6 Bc8 30. Nc4 Rd7 31. Rc6 Rb8 32. Nxd6 Bb7 33. Rb6 Ke7 34.
Nc4 Bd4 35. Rb3 Re8 36. Na5 Ba8 37. Bxa6 Kf8 38. Bb5 1-0

[Event "DEM U12 2016"]
[Site "Willingen GER"]
[Date "2016.05.16"]
[Round "3"]
[White "Kotyk, Michael"]
[Black "Bethke, Richard"]
[Result "1-0"]
[Termination "normal"]
[Board "10"]
[WhiteElo "1818"]
[BlackElo "1844"]
[PlyCount "147"]
[WhiteFideId "16214501"]
[BlackFideId "12959243"]
[EventCountry "GER"]
[EventRounds "11"]
[EventType "swiss"]
[EventDate "2016.05.14"]

1. d4 d5 2. c4 e6 3. Nc3 Nf6 4. cxd5 exd5 5. Bg5 Nbd7 6. Nf3 c6 7. e3 Be7 8.
Bd3 O-O 9. O-O Re8 10. h3 Nf8 11. Qc2 Be6 12. Bxf6 Bxf6 13. b4 Rc8 14. Na4 b6
15. Qe2 Qd6 16. a3 Bd7 17. Rac1 Ne6 18. Qa2 Ng5 19. Nxg5 Bxg5 20. Nc3 Qe7 21.
b5 Qe6 22. bxc6 Bxc6 23. Nb5 Re7 24. Qc2 g6 25. Qa4 Bxb5 26. Rxc8+ Qxc8 27.
Qxb5 Qe6 28. Bc2 Qd7 29. Qxd7 Rxd7 30. Bb3 Kf8 31. Rc1 Bd8 32. Ba4 Rd6 33. Rc6
Ke7 34. Rc8 a6 35. Ra8 b5 36. Bb3 Kd7 37. a4 Rb6 38. axb5 axb5 39. Bxd5 b4 40.
Bb3 Bc7 41. Rf8 Ra6 42. Rxf7+ Kd8 43. Kf1 Ra3 44. Bd1 b3 45. Ke2 b2 46. Bc2 Ra2
47. Kf3 Ra1 48. Rxh7 b1=Q 49. Bxb1 Rxb1 50. h4 Rb5 51. Rh6 Rf5+ 52. Ke2 Ke7 53.
Rxg6 Kf7 54. Ra6 Bd8 55. g4 Rb5 56. g5 Be7 57. f4 Rb2+ 58. Kf3 Rh2 59. Rh6 Bf8
60. Rf6+ Ke7 61. Kg4 Re2 62. h5 Rxe3 63. h6 Rd3 64. h7 Bg7 65. Rh6 Bh8 66. Rg6
Rxd4 67. Rg8 Be5 68. Kf5 Bd6 69. Rg7+ Ke8 70. h8=Q+ Bf8 71. Rg8 Rd1 72. Rxf8+
Kd7 73. Rf7+ Kc6 74. Qc8+ 1-0

[Event "DEM U12 2016"]
[Site "Willingen GER"]
[Date "2016.05.16"]
[Round "3"]
[White "Weihrauch, Jakob"]
[Black "Hoffmann, Simon"]
[Result "1/2-1/2"]
[Termination "normal"]
[Board "11"]
[WhiteElo "1856"]
[BlackElo "1710"]
[PlyCount "100"]
[WhiteFideId "16210115"]
[BlackFideId "12979686"]
[EventCountry "GER"]
[EventRounds "11"]
[EventType "swiss"]
[EventDate "2016.05.14"]

1. d4 d5 2. c4 e6 3. Nf3 Nf6 4. g3 Nbd7 5. Bg2 Be7 6. O-O O-O 7. Qc2 c5 8. Nbd2
Qb6 9. cxd5 Nxd5 10. Nc4 Qb4 11. Ne3 N7f6 12. Qc4 Qxc4 13. Nxc4 Bd7 14. dxc5
Bxc5 15. Nfe5 Bb5 16. Bf3 Rac8 17. Na5 b6 18. Nb3 Bd6 19. Nd3 e5 20. Bxd5 Nxd5
21. Rd1 Nb4 22. Nxb4 Bxb4 23. Rd5 Bxe2 24. a3 Bc4 25. Rxe5 Bd6 26. Re3 Rfe8 27.
Nd4 Bc5 28. Rxe8+ Rxe8 29. Be3 Kf8 30. Rc1 Bd3 31. b4 Bd6 32. Rc3 Be4 33. Nb5
Bb8 34. a4 Bb7 35. f4 Rc8 36. Rxc8+ Bxc8 37. Nd4 Bd7 38. b5 Ke7 39. Kf2 Kd6 40.
Ke2 Kd5 41. Kd3 g6 42. Bd2 Bd6 43. Bc3 Bc5 44. Bb2 h5 45. Nf3 Bf5+ 46. Kd2 Bb4+
47. Bc3 Bxc3+ 48. Kxc3 f6 49. Nd4 Bd7 50. Kd3 Kc5 1/2-1/2